Signal processing : (Record no. 182730)

000 -LEADER
fixed length control field 00881 a2200205 4500
003 - CONTROL NUMBER IDENTIFIER
control field Nust
005 - DATE AND TIME OF LATEST TRANSACTION
control field 20230222113718.0
010 ## - LIBRARY OF CONGRESS CONTROL NUMBER
LC control number 85000056
020 ## - INTERNATIONAL STANDARD BOOK NUMBER
International Standard Book Number 0070097259
040 ## - CATALOGING SOURCE
Transcribing agency Nust
082 00 - DEWEY DECIMAL CLASSIFICATION NUMBER
Classification number 621.3822,CAN
100 1# - MAIN ENTRY--PERSONAL NAME
Personal name Candy, J. V.
9 (RLIN) 109455
245 10 - TITLE STATEMENT
Title Signal processing :
Remainder of title the model-based approach /
Statement of responsibility, etc. James V. Candy.
260 ## - PUBLICATION, DISTRIBUTION, ETC.
Place of publication, distribution, etc. New York :
Name of publisher, distributor, etc. McGraw-Hill,
Date of publication, distribution, etc. c1986.
300 ## - PHYSICAL DESCRIPTION
Extent xv, 240 p. :
Other physical details ill. ;
Dimensions 25 cm.
440 #0 - SERIES STATEMENT/ADDED ENTRY--TITLE
Title McGraw-Hill series in electrical engineering.
9 (RLIN) 20188
505 ## - FORMATTED CONTENTS NOTE
Formatted contents note Introduction (Page-1), Modeling of Stochastic Processes (Page-17), Estimation Theory (Page-47), Model Based Processing State Space Filters (Page-67), Practical Aspects of State Space Filtering (Page-93), Extensions of State Space Filters (Page-134), Model Based Processors :ARMAX Winner Filter (Page-172).
650 #0 - SUBJECT ADDED ENTRY--TOPICAL TERM
Topical term or geographic name entry element Telecommunication Engineering
942 ## - ADDED ENTRY ELEMENTS (KOHA)
Source of classification or shelving scheme
Koha item type Book
Holdings
Withdrawn status Lost status Source of classification or shelving scheme Damaged status Not for loan Permanent Location Current Location Shelving location Date acquired Full call number Barcode Date last seen Price effective from Koha item type Public note Collection code Total Checkouts
          Military College of Signals (MCS) Military College of Signals (MCS) General Stacks 12/12/2016 621.3822,CAN MCS20717 12/08/2016 12/12/2016 Book Almirah No.71, Shelf No.4    
          Military College of Signals (MCS) Military College of Signals (MCS)   12/12/2016 621.3822 CAN MCS902 12/08/2016 12/12/2016 Book      
© 2023 Central Library, National University of Sciences and Technology. All Rights Reserved.